00703nam a22002053a 450000100060000000300080000600500170001400800410003103500190007204000270009104100080011808200230012610000360014924501540018526000410033930000330038050400390041365100280045270000170048027692BD-RjUL20211209051205.0140327s1966 enkab 001 0 eng d a(BD-RjUL)27771 aEQOcEQObengdBD-RjUL aeng a942bCHB V-10 19661 aChurchill, Winston,d1874-1965.14aThe Blenheim edition of A history of the English-speaking peoples /cwith an intr. and bibliogr. by R.W. Ellisn10.pRecovery and Reform (1815-1868). aLondon :bCassel & co. Ltd.,cc1966. axi, 113 p. :bill. ;c20 cm. aIncludes bibliographies and index. 0aGreat BritainxHistory.1 aEllis, R. W.